Толковый словарь русского языка: около 100 000 слов, терминов и фразеологических выражений

التفاصيل البيبلوغرافية
المؤلف الرئيسي: Ожегов С. И. Сергей Иванович
مؤلفون آخرون: Скворцов Л. И. (редактор)
الملخص:Настоящий словарь является исправленным и дополненным изданием классического «Словаря русского языка» С. И. Ожегова. В новое издание Словаря вошло около 100 ООО слов, научных терминов, диалектизмов и архаизмов, устойчивых фразеологических сочетаний; при этом сохранены общая структура и характер подачи материала. Новые слова и выражения отражают не только изменения в общественно-политической, научной и культурной жизни России за последние 40 — 50 лет, но и актуальные языковые процессы нашего времени.Словарь содержит лексику, активно используемую в различных сферах русского языка. Словарная статья включает толкование слова, примеры его употребления в речи, раскрывает его фразеологические и словообразовательные возмож­ности; указывается ударение и в трудных случаях произношение, приводится стилистическая характеристика. Новые словарные статьи распределены в общем тексте и выделены специальным полиграфическим знаком Словарь рассчитан на самый широкий круг читателей.
اللغة:الروسية
منشور في: Москва, Мир и Образование, 2014
الطبعة:27-е изд., испр.
الموضوعات:
التنسيق: كتاب
KOHA link:https://koha.lib.tpu.ru/cgi-bin/koha/opac-detail.pl?biblionumber=334190

MARC

LEADER 00000nam0a2200000 4500
001 334190
005 20231102004629.0
010 |a 97854170789252 
035 |a (RuTPU)RU\TPU\book\360219 
035 |a RU\TPU\book\325075 
090 |a 334190 
100 |a 20170713d2014 km y0rusy50 ca 
101 0 |a rus 
102 |a RU 
105 |a y e 000zy 
200 1 |a Толковый словарь русского языка  |e около 100 000 слов, терминов и фразеологических выражений  |f С. И. Ожегов  |g под ред. Л. И. Скворцова 
205 |a 27-е изд., испр. 
210 |a Москва  |c Мир и Образование  |d 2014 
215 |a 1360 с. 
330 |a Настоящий словарь является исправленным и дополненным изданием классического «Словаря русского языка» С. И. Ожегова. В новое издание Словаря вошло около 100 ООО слов, научных терминов, диалектизмов и архаизмов, устойчивых фразеологических сочетаний; при этом сохранены общая структура и характер подачи материала. Новые слова и выражения отражают не только изменения в общественно-политической, научной и культурной жизни России за последние 40 — 50 лет, но и актуальные языковые процессы нашего времени.Словарь содержит лексику, активно используемую в различных сферах русского языка. Словарная статья включает толкование слова, примеры его употребления в речи, раскрывает его фразеологические и словообразовательные возмож­ности; указывается ударение и в трудных случаях произношение, приводится стилистическая характеристика. Новые словарные статьи распределены в общем тексте и выделены специальным полиграфическим знаком Словарь рассчитан на самый широкий круг читателей. 
606 1 |a Русский язык  |x Толковые словари  |2 stltpush  |3 (RuTPU)RU\TPU\subj\26391  |9 50331 
610 1 |a лексика 
610 1 |a лексика 
610 1 |a толковые словари 
610 1 |a словари 
686 |a Ш141.2-42  |v LBC/SL-A  |2 rubbk 
700 1 |a Ожегов  |b С. И.  |g Сергей Иванович 
702 1 |a Скворцов  |b Л. И.  |4 340 
801 1 |a RU  |b 63413507  |c 20150706 
801 2 |a RU  |b 63413507  |c 20221213  |g RCR 
942 |c BK